header

An introduction to human-environment geography (Record no. 34960)

MARC details
000 -LEADER
fixed length control field 01566nam a2200337 a 4500
082 04 - DEWEY DECIMAL CLASSIFICATION NUMBER
Classification number 304.2
245 03 - TITLE STATEMENT
Title An introduction to human-environment geography
260 ## - PUBLICATION, DISTRIBUTION, ETC. (IMPRINT)
Place of publication Hoboken, N.J. :
Name of publisher Wiley-Blackwell,
Year of publication 2014.
300 ## - PHYSICAL DESCRIPTION
Number of Pages xii, 404 p. :
Other physical details ill. (some col.)
505 0# - FORMATTED CONTENTS NOTE
Formatted contents note pt. I. Fundamentals of human-environment geography -- pt. II. Contemporary perspectives in human-environment geography -- pt. III. Thematic issues in human-environment geography -- pt. IV. Bridging theory and practice.
650 #0 - SUBJECT ADDED ENTRY--TOPICAL TERM
Topical Term Human ecology
Topical Term Human geography
700 1# - ADDED ENTRY--PERSONAL NAME
Personal name Moseley, William G.
856 40 - ELECTRONIC LOCATION AND ACCESS
Uniform Resource Identifier http://site.ebrary.com/lib/rucke/Doc?id=10747441

No items available.

© 2026 Rongo University
Contact us: librarian | system librarian | Rongo university